书目信息 |
| 题名: |
莎士比亚传
|
|
| 作者: | 李, 著 ;黄四宏 译 | |
| 分册: | ||
| 出版信息: | 北京 华文出版社 2019.11 |
|
| 页数: | 523页 | |
| 开本: | 25cm | |
| 丛书名: | 华文全球史 | |
| 单 册: | ||
| 中图分类: | K835.615.6=3 | |
| 科图分类: | ||
| 主题词: | 戏剧家--xi ju jia--传记--英国--中世纪 | |
| 电子资源: | ||
| ISBN: | 978-7-5075-5135-8 | |
| 000 | 01283nam 2200301 450 | |
| 001 | 2030114575 | |
| 005 | 20241108082950.68 | |
| 010 | @a978-7-5075-5135-8@b精装@dCNY130.00 | |
| 100 | @a20200420d2019 em y0chiy50 ea | |
| 101 | 1 | @achi@ceng |
| 102 | @aCN@b110000 | |
| 105 | @aa a 000yb | |
| 200 | 1 | @a莎士比亚传@Asha shi bi ya zhuan@d= A life of William Shakespeare@f(英) 西德尼·李著@g黄四宏译@zeng |
| 210 | @a北京@c华文出版社@d2019.11 | |
| 215 | @a523页@c图@d25cm | |
| 225 | 2 | @a华文全球史@Ahua wen quan qiu shi@v025 |
| 314 | @a西德尼·李, 英国作家和批评家, 不列颠学会会员, 《国家人物传记大辞典》主编。黄四宏, 文学硕士, 杭州师范大学外国语学院副教授, 硕士生导师。 | |
| 320 | @a有书目 | |
| 330 | @a本书共二十一章, 以时间为序, 以莎士比亚的诗歌创作和戏剧创作为主线, 穿插着其身世、婚姻、保护人、现实生活、后世评价、各国相关研究等细节, 介绍了莎士比亚短暂而卓越的一生。 | |
| 410 | 0 | @12001 @a华文全球史@v025 |
| 500 | 10 | @aLife of William Shakespeare@mChinese |
| 600 | 1 | @a莎士比亚@Asha shi bi ya@g(Shakespeare, William),@f1564-1616@x传记 |
| 606 | 0 | @a戏剧家@Axi ju jia@x传记@y英国@z中世纪 |
| 690 | @aK835.615.6=3@v5 | |
| 701 | 1 | @a李,@Ali@b西德尼@4著 |
| 702 | 0 | @a黄四宏@Ahuang si hong@4译 |
| 801 | 0 | @aCN@b河南城建学院图书馆@c20201025 |
| 905 | @dK835.615@eL290 | |
| 莎士比亚传= A life of William Shakespeare/(英) 西德尼·李著/黄四宏译.-北京:华文出版社,2019.11 |
| 523页:图;25cm.-(华文全球史;025) |
| ISBN 978-7-5075-5135-8(精装):CNY130.00 |
| 本书共二十一章, 以时间为序, 以莎士比亚的诗歌创作和戏剧创作为主线, 穿插着其身世、婚姻、保护人、现实生活、后世评价、各国相关研究等细节, 介绍了莎士比亚短暂而卓越的一生。 |
| ● |
| 相关链接 |
|
|
|
正题名:莎士比亚传
索取号:K835.615/L290
 
预约/预借
| 序号 | 登录号 | 条形码 | 馆藏地/架位号 | 状态 | 备注 |
| 1 | 1481129 | 214811293 | 社科库309/309社科库 102排2列6层/ [索取号:K835.615/L290] | 在馆 | |
| 2 | 1553532 | 215535320 | 社科库309/309社科库 102排2列6层/ [索取号:K835.615/L290] | 在馆 |